ARRUPE JESUIT UNIVERSITY

CORONAVIRUS -STOP THE SPREAD - CLEAN,DISINFECT,COVER

History of the primates; (Record no. 128945)

MARC details
000 -LEADER
fixed length control field 00826nam a22002411 4500
001 - CONTROL NUMBER
control field 4056530
003 - CONTROL NUMBER IDENTIFIER
control field ARRUPE
005 - DATE AND TIME OF LATEST TRANSACTION
control field 20190208114442.0
008 - FIXED-LENGTH DATA ELEMENTS--GENERAL INFORMATION
fixed length control field 850424s1957 ilua b 000 0 eng
010 ## - LIBRARY OF CONGRESS CONTROL NUMBER
LC control number 57014053
040 ## - CATALOGING SOURCE
Original cataloging agency DLC/ICU
Transcribing agency ICU
Modifying agency DLC
050 00 - LIBRARY OF CONGRESS CALL NUMBER
Classification number SPC. QE882.P7
Item number C6 1958
082 00 - DEWEY DECIMAL CLASSIFICATION NUMBER
Classification number 569.8
300 ## - PHYSICAL DESCRIPTION
Other physical details illus.
Dimensions 21 cm.
100 1# - MAIN ENTRY--PERSONAL NAME
Personal name Clark, Wilfrid E. Le Gros
Fuller form of name (Wilfrid Edward Le Gros),
Dates associated with a name 1895-1971.
9 (RLIN) 44524
245 10 - TITLE STATEMENT
Title History of the primates;
Remainder of title an introduction to the study of fossil man.
260 ## - PUBLICATION, DISTRIBUTION, ETC. (IMPRINT)
Place of publication, distribution, etc [Chicago]
Name of publisher, distributor, etc University of Chicago Press
Date of publication, distribution, etc [1957]
300 ## - PHYSICAL DESCRIPTION
Extent 186 p.
490 0# - SERIES STATEMENT
Series statement Phoenix books,
Volume number/sequential designation P21
504 ## - BIBLIOGRAPHY, ETC. NOTE
Bibliography, etc Includes bibliographies.
650 #0 - SUBJECT ADDED ENTRY--TOPICAL TERM
Topical term or geographic name as entry element Primates
General subdivision Evolution.
9 (RLIN) 43792
906 ## - LOCAL DATA ELEMENT F, LDF (RLIN)
a 7
b cbc
c orignew
d u
e ocip
f 19
g y-gencatlg
942 ## - ADDED ENTRY ELEMENTS (KOHA)
Source of classification or shelving scheme Library of Congress Classification
Koha item type SPC
Holdings
Withdrawn status Lost status Source of classification or shelving scheme Damaged status Not for loan Collection code Home library Current library Shelving location Date acquired Total Checkouts Full call number Barcode Date last seen Price effective from Koha item type
    Library of Congress Classification     SPECIAL Collection ARRUPE LIBRARY ARRUPE LIBRARY REFERENCE 08/02/2019   SPC. QE882.P7 C6 1958 46600003696 08/02/2019 08/02/2019 SPC

 

Arrupe Library. PO Box MP320 Mt Pleasant, Harare, Zimbabwe
263 242 745411|librarian@aju.ac.zw